000 01776nam2a22002651 4500
001 RU\NLR\INFOCOMM18\1000117340
005 20250617132632.0
035 _a(NLR Aleph) 002630057
090 _a3692555
_c3692555
100 _a20040919d1966 |||y0rusy50 ca
101 0 _arus
102 _aRU
105 _ay |||||||||
200 0 _aВып.12
210 _d1966
_aБ. м.
225 1 _a...
_vВып.12
_i...
_v1965
461 0 _1001RU\NLR\INFOCOMM18\1000032859
_12001#$aИнформационные материалы$fАкад. наук СССР. Объедин. науч. совет "Физиология человека и животных"$vВып.12
_94029362
_aАкадемия наук СССР. Объединенный научный совет по комплексной проблеме "Физиология человека и животных"
_cЛ.
_d1965-
_fАкад. наук СССР. Объедин. науч. совет "Физиология человека и животных"
_tИнформационные материалы
_vВып.12
462 0 _1001RU\NLR\INFOCOMM18\1000117339
_12001#$aПроблемы физиологической науки$fАН СССР. Отд-ние физиологии. Объедин. науч. совет "Физиология человека и животных"$v1965
_93692546
_cЛ.
_d1966-
_fАН СССР. Отд-ние физиологии. Объедин. науч. совет "Физиология человека и животных"
_tИнформационные материалы. - Проблемы физиологической науки
_v1965
801 1 _aRU
_bInfoComm
_c20040919
801 0 _aRU
_bNLR
_gPSBO
852 _aNLR
_jП7/1071
942 _cISSUE
980 _aNB
980 _aRUSPER